000 02362cab a2200553 4500
001 ABS54761
008 090401t1996 xxu||||| |||| 00| 0 eng d
035 _a(Sirsi) u12172
041 _aeng
100 _aMcKibbin, E.
245 _aRent review update
260 _c1996
350 _a0
490 _aRent Review & Lease Renewal
_v16(1) 1996, 26-35(5)
520 _aStresses the importance of wording in review clauses. Looks at drafting and interpretation of clauses, rent free periods, fitting out, vacant possession service of notices, upward and downward rent reviews, repairs, admissibility of evidence and arbitration.
650 _a99 BISHOPSGATE LTD V PRUDENTIAL ASSURANCE CO LTD
650 _aADMISSIBLE EVIDENCE
650 _aMANAGEMENT-DISPUTE AVOIDANCE, MANAGEMENT AND RESOLUTION-DISPUTE MANAGEMENT AND RESOLUTION-ARBITRATION
650 _aBICKENHALL ENGINEERING CO LTD V GRANDMET RESTAURANTS LTD
650 _aBROADGATE SQUARE PLC V LEHMAN BROTHERS LTD
650 _aCADOGAN ESTATES LTD V HISTORIC HOUSE HOTELS LTD
650 _aCHARRINGTONS INDUSTRIAL HOLDINGS LTD
650 _aCHELSEA BUILDING SOCIETY V R & A MILLETT (SHOPS) LTD
650 _aCO-OPERATIVE WHOLESALE SOCIETY V NATIONAL WESTMINSTER BANK
650 _aETAM PLC V LEGAL AND GENERAL ASSURANCE SOCIETY LTD
650 _aFITTING-OUT
650 _aFORBUOYS PLC V NEWPORT BC
650 _aFORDGATE BINGLEY LTD V ARGYLL STORES LTD
650 _aHARBEN STYLE LTD V THE RHODES TRUST
650 _aHARMSWORTH PENSION FUND TRUSTEES LTD
650 _aHEADLINE RENTS
650 _aLAND SECURITIES PLC V WESTMINSTER CC
650 _aLONDON AND LEEDS ESTATES LTD V PARIBAS LTD
650 _aNORTH HERTFORDSHIRE DC V HITCHEN INDUSTRIAL ESTATE LTD
650 _aPRUDENTIAL NOMINEES V GREENHAM TRADING
650 _aRENT REVIEWS
650 _aRENT-FREE PERIODS
650 _aREPAIRS
650 _aROYAL BANK OF SCOTLAND PLC V JENNINGS
650 _aSCOTTISH AMICABLE LIFE ASSURANCE SOCIETY V MIDDLETON
650 _aSOS ENVIRONMENT V EUSTON CENTRE INVESTMENTS LTD
650 _aSOS ENVIRONMENT V REED INTERNATIONAL PLC
650 _aUNITED SCIENTIFIC HOLDINGS LTD V BURNLEY BC
650 _aUPWARD ONLY RENT REVIEWS
650 _aVACANT POSSESSION
690 _aLANDLORD AND TENANT-RENT REVIEWS
942 _n0
948 _c04/03/1997
999 _c7789
_d7789